000 00417nam a22001817a 4500
003 MPLRDC
005 20220104124857.0
008 210129b ||||| |||| 00| 0 eng d
020 _a962-497-296-5
082 _a857.6 DP
100 _a戴平
245 _a嘴唇试验
_c
250 _a初版
260 _a
_b香港新世纪出版社
_c1993
300 _b
650 _a短篇小说
942 _cBK
_o857.6 DP
999 _c22875
_d22865